000 00254nam a2200097Ia 4500
001 720630
005 20250826163237.0
008 250824s9999 xx 000 0 und d
245 0 _aDEDİĞİ SULTAN VE MENAKIBI
_cAHMET TAŞĞIN
260 _bÇİZGİ YAYINLARI
999 _c720630
_d720630